Herby powiatów w województwie opolskim - Statystyki

Ogólne statystyki
  • Ten quiz został rozwiązany 29 razy
  • Średni wynik to 10 z 12
Statystyki odpowiedzi
Obrazkowy Odpowiedź % Poprawnych
Opole
100%
opolski
91%
brzeski
78%
głubczycki
78%
kędzierzyńsko-kozielski
78%
namysłowski
78%
nyski
78%
oleski
78%
kluczborski
74%
krapkowicki
74%
prudnicki
74%
strzelecki
74%
Nie znaleziono quizów pasujących do podanych kryteriów
Rozkład punktacji
Procent ludzi z każdym wynikiem
Percentyl według liczby udzielonych odpowiedzi
Twoja historia wyników
Nie rozwiązałeś tego quizu